Comportamiento organizacional.
Salvato in:
| Autore principale: | |
|---|---|
| Natura: | Libro |
| Pubblicazione: |
Ciudad de México, México:
Prentice Hall,
1999.
|
| Edizione: | Cuarta edición |
| Soggetti: | |
| Tags: |
Aggiungi Tag
Nessun Tag, puoi essere il primo ad aggiungerne!!
|
MARC
| LEADER | 00000nam a2200000 a 4500 | ||
|---|---|---|---|
| 001 | UCO3926 | ||
| 003 | CL-VaPUC | ||
| 005 | 20230125130146.0 | ||
| 008 | 230125t1999 ||||| |||| 00| 0 eng d | ||
| 999 | |c 290040 |d 290038 | ||
| 020 | |a 970-17-0236-0 | ||
| 040 | |c Pontificia Universidad Católica de Valparaíso | ||
| 082 | 0 | 4 | |a 658.1 ROB 1999 |2 21 |
| 100 | 0 | |a Robbins, Stephen P |e autor |9 447980 | |
| 245 | 1 | 0 | |a Comportamiento organizacional. |
| 250 | |a Cuarta edición | ||
| 260 | |a Ciudad de México, México: |b Prentice Hall, |c 1999. | ||
| 300 | |a 675 páginas. | ||
| 500 | |a Incluye CD c.20. Donación Rectoria Diciembre 2022. | ||
| 583 | |a last modification |c 20000728 00:00:00 |k Rodrigo Vera | ||
| 650 | 0 | |a Gestión administrativa |9 375217 | |
| 650 | 0 | |a Toma de decisiones |9 257530 | |
| 650 | 0 | |a Liderazgo |9 271835 | |
| 650 | 0 | |a Recursos humanos |9 228420 | |
| 650 | 0 | |a Administración |9 259325 | |
| 942 | |c BK |2 ddc | ||
| 945 | |d 20000728 00:00:00 |a rbrito | ||
| 952 | |0 0 |1 0 |4 0 |6 658_100000000000000_ROB_1999 |7 0 |8 R |9 339166 |a BIBENE |b BIBENE |d 2019-11-20 |i 3632318 |o 658.1 ROB 1999 |p 3632318 |r 2025-01-15 |w 2019-11-20 |y BK_R |k ICO | ||
| 952 | |0 0 |1 0 |4 0 |6 658_100000000000000_ROB_1999 |7 0 |8 R |9 339167 |a BIBENE |b BIBENE |d 2019-11-20 |i 3630315 |o 658.1 ROB 1999 |p 3630315 |r 2025-01-15 |w 2019-11-20 |y BK_R |k ICO | ||
| 952 | |0 0 |1 0 |4 0 |6 658_100000000000000_ROB_1999 |7 0 |8 R |9 339168 |a BIBENE |b BIBENE |d 2019-11-20 |i 3646785 |o 658.1 ROB 1999 |p 3646785 |r 2025-01-15 |w 2019-11-20 |y BK_R |k ICO | ||
| 952 | |0 0 |1 0 |4 0 |6 658_100000000000000_ROB_1999 |7 0 |8 A |9 339169 |a BIBING |b BIBING |d 2019-11-20 |i 3651169 |o 658.1 ROB 1999 |p 3651169 |r 2023-03-02 |w 2019-11-20 |y BK |k EII | ||
| 952 | |0 0 |1 0 |4 0 |6 658_100000000000000_ROB_1999 |7 0 |8 A |9 339171 |a BIBING |b BIBING |d 2019-11-20 |i 3651185 |o 658.1 ROB 1999 |p 3651185 |r 2023-03-02 |w 2019-11-20 |y BK |k EII | ||
| 952 | |0 0 |1 0 |4 0 |6 658_100000000000000_ROB_1999 |7 0 |8 R |9 339173 |a BIBENE |b BIBENE |d 2019-11-20 |i 3701875 |o 658.1 ROB 1999 |p 3701875 |r 2025-01-15 |w 2019-11-20 |y BK_R |k ICO | ||
| 952 | |0 0 |1 0 |4 0 |6 658_100000000000000_ROB_1999 |7 0 |8 A |9 339175 |a BIBING |b BIBING |d 2019-11-20 |i 3889548 |o 658.1 ROB 1999 |p 3889548 |r 2025-01-20 |w 2019-11-20 |y BK |k EII | ||
| 952 | |0 0 |1 0 |4 0 |6 658_100000000000000_ROB_1999 |7 0 |8 A |9 339176 |a BIBING |b BIBING |d 2019-11-20 |i 3889556 |o 658.1 ROB 1999 |p 3889556 |r 2023-03-02 |w 2019-11-20 |y BK |k EII | ||
| 952 | |0 0 |1 0 |2 ddc |4 0 |6 658_100000000000000_ROB_1999 |7 0 |8 A |9 339177 |a BIBGIM |b BIBGIM |d 2019-11-20 |i 3900312 |l 1 |o 658.1 ROB 1999 |p 3900312 |r 2025-01-15 |s 2023-09-14 |w 2019-11-20 |y BK |k GIM | ||
| 952 | |0 0 |1 0 |4 0 |6 658_100000000000000_ROB_1999 |7 0 |8 R |9 339178 |a BIBENE |b BIBENE |d 2019-11-20 |i 3913376 |o 658.1 ROB 1999 |p 3913376 |r 2025-01-15 |w 2019-11-20 |y BK_R |k ICO | ||
| 952 | |0 0 |1 0 |4 0 |6 658_100000000000000_ROB_1999 |7 0 |8 R |9 339179 |a BIBENE |b BIBENE |d 2019-11-20 |i 3913384 |o 658.1 ROB 1999 |p 3913384 |r 2025-01-15 |w 2019-11-20 |y BK_R |k ICO | ||
| 952 | |0 0 |1 0 |4 0 |6 658_100000000000000_ROB_1999 |7 0 |8 R |9 339180 |a BIBENE |b BIBENE |d 2019-11-20 |i 3913392 |o 658.1 ROB 1999 |p 3913392 |r 2025-01-15 |w 2019-11-20 |y BK_R |k ICO | ||
| 952 | |0 0 |1 0 |4 0 |6 658_100000000000000_ROB_1999 |7 0 |8 R |9 339181 |a BIBENE |b BIBENE |d 2019-11-20 |i 3913406 |o 658.1 ROB 1999 |p 3913406 |r 2025-01-15 |w 2019-11-20 |y BK_R |k ICO | ||
| 952 | |0 0 |1 0 |4 0 |6 658_100000000000000_ROB_1999 |7 0 |8 R |9 339182 |a BIBENE |b BIBENE |d 2019-11-20 |i 3913414 |o 658.1 ROB 1999 |p 3913414 |r 2025-01-15 |w 2019-11-20 |y BK_R |k ICO | ||
| 952 | |0 0 |1 0 |4 0 |6 658_100000000000000_ROB_1999 |7 0 |8 A |9 339183 |a BIBING |b BIBING |d 2019-11-20 |i 3988619 |o 658.1 ROB 1999 |p 3988619 |r 2025-01-20 |w 2019-11-20 |y BK |k EII | ||
| 952 | |0 0 |1 0 |4 0 |6 658_100000000000000_ROB_1999 |7 0 |8 A |9 339184 |a BIBING |b BIBING |d 2019-11-20 |i 4514882 |l 1 |o 658.1 ROB 1999 |p 4514882 |r 2025-01-20 |s 2022-05-02 |w 2019-11-20 |y BK |k EII | ||
| 952 | |0 0 |1 0 |2 ddc |4 0 |6 658_100000000000000_ROB_1999 |7 0 |8 R |9 588740 |a BIBENE |b BIBENE |d 2023-01-25 |e Donación |i 5656510 |o 658.1 ROB 1999 |p 5656510 |r 2025-01-15 |t 20 |w 2023-01-25 |y BK_R |k ICO | ||